|
|
|
|
| LEADER |
01866nam a2200493 a 4500 |
| 001 |
nkc20122268786 |
| 003 |
CZ PrNK |
| 005 |
20120222111657.0 |
| 007 |
ta |
| 008 |
120104s2011 xr abe f 000 0 cze |
| 015 |
|
|
|a cnb002268786
|
| 020 |
|
|
|a 978-80-7375-560-7
|q (brož.)
|
| 035 |
|
|
|a (OCoLC)780139032
|
| 040 |
|
|
|a OLA001
|b cze
|d ABA001
|
| 041 |
0 |
|
|a cze
|b eng
|
| 043 |
|
|
|a e-xr---
|b e-xr-kr
|2 czenas
|
| 072 |
|
7 |
|a 630
|x Lesnictví
|2 Konspekt
|9 24
|
| 080 |
|
|
|a 630
|2 MRF
|
| 080 |
|
|
|a 630.4
|2 MRF
|
| 080 |
|
|
|a 630.2
|2 MRF
|
| 080 |
|
|
|a (437.313)
|2 MRF
|
| 080 |
|
|
|a (048.8:082)
|2 MRF
|
| 100 |
1 |
|
|a Tesař, Vladimír,
|d 1933-
|7 jn20000402348
|4 aut
|
| 245 |
1 |
0 |
|a Přestavba lesa zasaženého imisemi na Trutnovsku =
|b Conversion of a forest affected by air pollution in the region of Trutnov /
|c Vladimír Tesař et al.
|
| 246 |
3 |
1 |
|a Conversion of a forest affected by air pollution in the region of Trutnov
|
| 260 |
|
|
|a V Brně :
|b Mendelova univerzita,
|c c2011
|
| 300 |
|
|
|a 176 s. :
|b il. (převážně barev.), mapy, plány ;
|c 24 cm
|
| 504 |
|
|
|a Obsahuje bibliografii
|
| 546 |
|
|
|a Anglické resumé
|
| 650 |
0 |
7 |
|a lesní hospodářství
|7 ph115114
|z Česko
|2 czenas
|
| 650 |
0 |
7 |
|a poškození lesa
|7 ph124479
|z Česko
|2 czenas
|
| 650 |
0 |
7 |
|a pěstování lesa
|7 ph124859
|z Česko
|2 czenas
|
| 650 |
0 |
9 |
|a forest management
|z Czechia
|2 eczenas
|
| 650 |
0 |
9 |
|a damage to forests
|z Czechia
|2 eczenas
|
| 650 |
0 |
9 |
|a forest cultivation
|z Czechia
|2 eczenas
|
| 655 |
|
7 |
|a kolektivní monografie
|7 fd501537
|2 czenas
|
| 655 |
|
9 |
|a collective monographs
|2 eczenas
|
| 651 |
|
7 |
|a Trutnov (Česko : oblast)
|7 ge131134
|2 czenas
|
| 651 |
|
9 |
|a Trutnov Region (Czechia)
|2 eczenas
|
| 910 |
2 |
|
|a BOA001
|b 2-1278.678
|
| 990 |
|
|
|a BK
|
| 995 |
|
|
|a 01
|
| 991 |
|
|
|b 201202
|c NOV
|e n
|
| 996 |
6 |
|
|b 2610501423
|c 2-1278.678
|l MZK
|r Sklad / do 1 hodiny
|n 0
|p p.v.
|w 001226194
|u 000010
|a 1
|e BOA001
|j MZK50
|s P
|